Learning Resource and Development

Licensure examination for teachers (LET) reviewer (Record no. 25670)

MARC details
000 -LEADER
fixed length control field 00909nam a22002537a 4500
005 - DATE AND TIME OF LATEST TRANSACTION
control field 20230624161519.0
008 - FIXED-LENGTH DATA ELEMENTS--GENERAL INFORMATION
fixed length control field 180112t xxu||||| |||| 00| 0 eng d
040 ## - CATALOGING SOURCE
Transcribing agency CSPC
082 0# - DEWEY DECIMAL CLASSIFICATION NUMBER
Classification number 371.10076
Item number P193l
100 ## - MAIN ENTRY--PERSONAL NAME
Personal name Pag̨an, Marina T. San Jose-,
Relator term author.
245 00 - TITLE STATEMENT
Title Licensure examination for teachers (LET) reviewer
Statement of responsibility, etc. Marina T. San Jose-Pag̨an
250 ## - EDITION STATEMENT
Edition statement Updated
Remainder of edition statement Edition
260 ## - PUBLICATION, DISTRIBUTION, ETC.
Place of publication, distribution, etc. Quezon City :
Name of publisher, distributor, etc. Megaminds Systems,
Date of publication, distribution, etc. 2018.
300 ## - PHYSICAL DESCRIPTION
Extent vi, 145 pages:
Dimensions 28 cm.
336 ## - CONTENT TYPE
Source rdacontent
Content type term text
337 ## - MEDIA TYPE
Source rdamedia
Media type term unmediated
338 ## - CARRIER TYPE
Source rdacarrier
Carrier type term volume
650 10 - SUBJECT ADDED ENTRY--TOPICAL TERM
Topical term or geographic name entry element Teachers
Form subdivision Examinations, question, etc.,
700 1# - ADDED ENTRY--PERSONAL NAME
Personal name Novales, Mamerto Duque-,
Relator term author.
940 ## - EQUIVALENCE OR CROSS-REFERENCE--UNIFORM TITLE [OBSOLETE] [CAN/MARC only]
Uniform title <a href="Lenie">Lenie</a>
942 ## - ADDED ENTRY ELEMENTS (KOHA)
Koha item type
-- RES 371.10076 P193l 2018

No items available.